000 00746nam a22002177a 4500
005 20241128154250.0
010 _aENG-142678
020 _c540.00
_a9788196874360
035 _aEN-126210
037 _bDBAD
082 _a342.54
_21
100 _aGhaturkar, Bhagyawan
_974295
245 _aThe Constitution of India/
_cBy Bhagyawan Ghaturkar
250 _a1
260 _aUttar Pradesh
_bPearson India Education Pvt Ltd
_c2025
270 _bUttar Pradesh
_a1st FLoor, Berger Tower, Plot No. C-001A/2, Sector-16B, Noida
_e201301
300 _avpp.
_c23cm(pb)
_bIndex
490 _vVol 2
500 _aWith Special Reference to Indian Polity) | Entire Polity Explained in Tabular Format
942 _2ddc
_cEN
_h342.54
_mGHA
_e1
999 _c207173
_d207173